プロ野球新応援歌2026 - Statistics

General Stats
  • This quiz has been taken 27 times
    8 since last reset
  • The average score is 26 of 46
Answer Stats
球団 歌詞 Answer % Correct
阪神 栄えある猛虎の歴史に 刻め新たな輝跡をこだまする この声を背に受け 突き進めさあ行こう 勝利に向かって 振り抜け輝け 打て(選手名) 佐藤輝明
100%
ヤクルト 力強く歩む 誇らしき道その手で叶えろ 果てなき願いを 松下歩叶
67%
ヤクルト 球際で輝く 翔るその脚果敢に食らいつけ 狙い澄まして 岩田幸宏
67%
ヤクルト 煌めく技 燃えるその熱意積み重ねた軌跡を 糧に突き進め 伊藤琉偉
67%
中日 夢追い求め 奇跡呼ぶ要となれ幾千の願い乗せて 光放て 石伊雄太
67%
中日 この地で夢を叶えよう 揺るがぬハートで立ち向かえ闇夜を照らす 勝利への一撃 ボスラー
67%
中日 天に輝く想いが 導く運命宿した力見せる時 放て走れ叫べ ブライト健太
67%
中日 多彩な技と 信じてきた道が今輝きを放ち 歴史を刻む 山本泰寛
67%
中日 鍛えた技で 魅せろ力の限り新たな時代へと 今スタート 阿部寿樹
67%
広島 最高の舞台で 燦然と光る君は我らのステラ 大志を持ち挑め 佐々木泰
67%
広島 Fight(選手名) この場所でLet's go(選手名) 夢をのせて モンテロ
67%
楽天 歴史を刻む 頼れる背中眼光鋭く 仲間を守れ 伊藤光
67%
楽天 レッツゴーホームラン(選手名) (ファイト!ゴー!【選手名】!)カモンホームラン(選手名) さあいこう(選手名) ボイト
67%
日本ハム 今だ(選手名) 遥かに続いた道を走れ(選手名) 輝くその日まで 西川遥輝
67%
日本ハム 溢れる力を出し その名を刻め希望の道を拓け Go my way (選手名) カストロ
67%
巨人 魂滾らせ 巧打で切り込め憧れのフィールドで 熱く剛く行く 松本剛
67%
ソフトバンク 鍛えたその腕を 自信もって振り抜き揺るがぬ覚悟胸に (選手名)輝け 松本晴
67%
日本ハム フィールドで舞う 華麗な旋律響け未来へと 行け(選手名) 山縣秀
67%
阪神 走れ(選手名) 海足唸らせ歓喜の渦が巻く ホームベース目指して 植田海
67%
阪神 滾る闘志を この瞬間に望む一撃 レッツゴー(選手名) 髙寺望夢
67%
ロッテ さあゆけ(選手名) オーオオー気迫見せろこの声背に 今立ち向かえ 闘え(選手名) オーオオー 打ち放たれたその一打は ここに勝利呼び込む 西川史礁
67%
西武 獅子を纏い将る 漲るガッツマン牙立てる闘志むき出して 突き進め(選手名) 桑原将志
67%
西武 我らの願いを背に 安!打!(選手名)!渋く熱く魅せてくれ さあ今だ決めてやれ 林安可
67%
ソフトバンク 光のその先切り拓け 鷹の勇者 たゆまぬ努力で さぁ時代を築け 志ひとつに 行けスピードソルジャー 周東佑京
67%
巨人 昂るその想い 右腕に込め大きな夢を描いて 強気見せ頂へ 則本昂大
67%
ヤクルト 大空彩る 壮麗な華を 未だ見ぬ景色の先へ 描けよ(選手名) オイ! レッツゴー!(選手名)! オイ! レッツゴー!(選手名)! ラララ・・・ 未だ見ぬ景色の先へ レッツゴー!(選手名)! 内山壮真(チャンス壮真)
67%
楽天 涙と汗で 夢を追いかけ光を放て あの空へ 佐藤直樹
50%
巨人 宿りし力 解き放て豪快フルパワー スタンド沸かす一打 無限の彼方へ 飛ばせ(選手名) リチャード
50%
ソフトバンク 鋭い打球飛ばし 鋭い肩で魅せろ今こそ本当(マジ)決めろよ さぁ(選手名)行け 谷川原健太
50%
阪神 全力プレーで 掴み取れ疾風のごとく 魅せろ(選手名) 熊谷敬宥
50%
阪神 LaLaLaーLa LaLaLaーLa LaLaLaーLa LaLaLaーレッツゴー(選手名) カモン(選手名) ディベイニー
50%
ロッテ Go Let's Go ララ(選手名)✕3ラララ… 髙部瑛斗
50%
DeNA 今その一打に 勝ちへの想い込め燃えさかれ(選手名) この港で 石上泰輝
50%
DeNA 打て打て打て打て 一発(選手名)打て打て打て打て 勝利を目指せ ヒュンメル
50%
西武 覚悟決めた勝負の地で 光満ちる技巧この地がわく景色を 心に刻み込め 石井一成
50%
オリックス 磨き上げられたその脚で 踏み出せ今ここで 駆け抜けろ速く 勝利への道を スピード上げて走り出せ ホームベース目指して 渡部遼人
50%
ヤクルト この舞台で 光放ついま勝負を決める 気迫の一撃 北村恵吾(暫定流用)
50%
広島 未来へ翔ばたけ お前が今、切り裂く道未知拓け今ここに この思いを乗せて 前川誠太
33%
広島 志を繋げ 約束の頂点へと 輝く果敢な姿 見せろよ(選手名) 大盛穂
33%
楽天 大空に 響け君の一打(選手名ー!選手名ー!) 共に戦おう 黒川史陽
33%
巨人 戦い抜く君は 迷いなくその先へ夢を貫く弓矢 今放て(選手名) キャベッジ
33%
巨人 チームを信じて 大きく投げ込めダイナミックに敵を倒して 勝利の凱旋だ 横川凱
33%
ソフトバンク 夢追いかけ 打て魂乗せ行けダイヤモンド駆け抜け 今(選手名)魅せろよ 緒方理貢
33%
DeNA スタンドの期待を背に 打て永遠の星へ確信の一打を 魅せてくれ 蝦名達夫
33%
楽天 ラララ…勝利の道へ 我らを誘え 鋼鉄の脚でフィールド 駆け抜ける風になれ 武藤敦貴
17%
ソフトバンク 魂込めて ボールを投げ込め果敢に攻めて 勝利へ導け 大山凌
17%
No matching quizzes found
Score Distribution
Percent of People with Each Score
Percentile by Number Answered
Your Score History
You have not taken this quiz since the last reset